00548 2200205 4500245004400000020002200044250001100066100001800077700000600095700001200101650001700113005001900130260004100149041001400190084001300204300003200217500007300249336000900322338001100331 aDetective Conan 84cGosho, AoyamahText a978-602-02-6778-4 aCet. 1 aGosho, Aoyama aM aBinarti aKomik Jepang a20230131092407 aJakartabElex Media Komputindoc2015 aIndonesia a741.5592 a... jil. :bilus. ;c17 cm. aJudul asli : Meitantei Conan Vol. 84Diterjemahkan dari bahasa Jepang atext avolume